Ewan McGregor Movies - Statistics

General Stats
  • This quiz has been taken 51 times
  • The average score is 5 of 15
Answer Stats
Release Year Costars Movie % Correct
1999 Liam Neeson, Natalie Portman The Phantom Menace
86%
1996 Johnny Lee Miller, Kelly MacDonald Trainspotting
67%
2005 Scarlett Johansson, Michael Clarke Duncan The Island
52%
2009 Tom Hanks, Stellan Skarsgard Angels & Demons
38%
2020 Margot Robbie, Mary Elizabeth Winstead Birds of Prey
38%
2019 Rebecca Ferguson, Cliff Curtis Doctor Sleep
33%
2009 Jim Carrey, Leslie Mann I Love You Phillip Morris
33%
2010 Pierce Brosnan, Jon Bernthal The Ghost Writer
29%
2001 Eric Bana, Tom Sizemore Black Hawk Down
24%
2018 Hayley Atwell, Ken Nwosu Christopher Robin
24%
2011 Emily Blunt, Kristin Scott Thomas Salmon Fishing in the Yemen
24%
2013 Nicholas Hoult, Stanley Tucci Jack the Giant Slayer
14%
2011 Gina Carano, Antonio Banderas Haywire
10%
2022 Ron Perlman, John Turturro Pinocchio
10%
2014 Natalie Portman, Joel Edgerton Son of a Gun
5%
No matching quizzes found
Score Distribution
Percent of People with Each Score
Percentile by Number Answered
Your Score History
You have not taken this quiz